| 000 | 00510naa a22001217u 4500 | ||
|---|---|---|---|
| 008 | 130517b1959 xxu||||| |||| 00| 0 spa d | ||
| 040 | _aSPA | ||
| 100 | 1 |
_aManso Pérez, Francisco _97860 |
|
| 245 | 0 | 0 | _aAlgunas aporías a la forma como principio individualizante |
| 300 |
_a61-64 p. _c21 cm. |
||
| 773 | 0 |
_tLa forma:IV Semana Española de filosofía, 24 al 30 de Abril de 1957 _dMadrid,Consejo Superior de Investigaciones Científicas Instituto Luis Vives de Filosofía,1959, _gpágs. 61-64, _w74771 |
|
| 942 | _cAC | ||
| 999 |
_c220394 _d220394 |
||